00646nac a22001691u 4500020001500000082001500015090001500030100003400045245008700079260004800166300002400214650002700238650002500265942001700290999001500307952015400322 a0750650184 a658bD7941 c1079d1079 aDrucker, Peter Ferdina  aThe essential Drucker :bselections from the management works of Peter F. Drucker. aOxford :bButterworth-Heinemann,2001c2001. ax, 358 p. :c25 cm. aIndustrial management. aSuccess in business. cBBk658D7941 c1079d1079 00102ddc40708 aMAINbMAINc1STd2006-08-20epurchaseg192.00l6m49o658 DRUp000003418q2015-04-16r2010-12-01 00:00:00s2010-12-01v240.00yBB